| 000 | 00453nam a22001577a 4500 | ||
|---|---|---|---|
| 005 | 20150325103029.0 | ||
| 008 | 150325b xxu||||| |||| 00| 0 eng d | ||
| 020 | _a0195799933 | ||
| 040 | _cPK-LaUMT | ||
| 082 |
_aKHC 954.92 _bABD-E |
||
| 100 | _aAbdul Rahman Siddiqi | ||
| 245 |
_aEast Pakistan the end game _ban onlooker's journal 1969-71 _cAbdul Rahman Siddiqi |
||
| 260 |
_aKarachi _bOxford University Press _c2004 |
||
| 300 | _a260 p. | ||
| 942 | _cBK | ||
| 999 |
_c68161 _d68161 |
||